• 首页
  • 本馆介绍
  • 公告通知
  • 最新文献
  • 馆藏检索
  • 电子资源
  • 读者导购
  • 参考咨询
  • 我的图书馆
  • 登录
  • 详细信息显示
  • 放入我的书架
  • 预约/预借图书
  • 作者相关作品
  • 分类相关作品
  • 丛书相关作品
  • 出版社相关作品

书目信息

  • 表格格式
  • 工作单格式
  • 卡片格式
题名:
中国手语培训教材
    
 
作者: 唐淑芬 , 杨洋 , 黄凤屏 主编 ;中国残疾人联合会 , 中国聋人协会 , 广州市手语研究会 主编
分册:  
出版信息: 北京   华夏出版社  2006.08
页数: 197页
开本: 26cm
丛书名:
单 册:
中图分类: H126.3
科图分类:
主题词: 手势语--shou shi yu--中国--教材 , 手势语--shou shi yu
电子资源:
ISBN: 7-5080-3968-8
000 01343nam0 2200325 450
001 0109110128
005 20201109110336.0
010    @a7-5080-3968-8@dCNY39.00
100    @a20060104e20152006em y0chiy0110 ea
101 0  @achi
102    @aCN@b110000
105    @aa z 000yy
106    @ar
200 1  @a中国手语培训教材@Azhong guo shou yu pei xun jiao cai@e试用@f唐淑芬, 杨洋, 黄凤屏主编@g中国残联教育就业部, 中国聋人协会, 广州市手语研究会主编
210    @a北京@c华夏出版社@d2006.08@h2015.10
215    @a197页@c图@d26cm@e1光盘
304    @a封面题:中国残疾人联合会教育就业部,中国聋人协会,广州市手语研究会主编
307    @a附光盘:ISBN 7-900395-57-1
330    @a本教材以《中国手语》为根据,从15个方面挑选出1000多个常用词,并介绍近百个基本句型,初学者可以按照句型进行词的替换和扩充,从而构成新的句子。
606 0  @a手势语@Ashou shi yu@y中国@j教材
606 0  @a手势语@Ashou shi yu
690    @aH126.3@v5
701  0 @a唐淑芬@Atang shu fen@4主编
701  0 @a杨洋@Ayang yang@c(手语)@4主编
701  0 @a黄凤屏@Ahuang feng ping@4主编
712 02 @a中国残疾人联合会@Azhong guo can ji ren lian he hui@b教育就业部@4主编
712 02 @a中国聋人协会@Azhong guo long ren xie hui@4主编
712 02 @a广州市手语研究会@Aguang zhou shi shou yu yan jiu hui@4主编
801  0 @aCN@bBJSZM@c20201103
905    @b1267681-3@dH126.3@e73@f3
    
    中国手语培训教材:试用/唐淑芬, 杨洋, 黄凤屏主编/中国残联教育就业部, 中国聋人协会, 广州市手语研究会主编.-北京:华夏出版社,2006.08(2015.10)
    197页:图;26cm+1光盘
    
    
    ISBN 7-5080-3968-8:CNY39.00
    本教材以《中国手语》为根据,从15个方面挑选出1000多个常用词,并介绍近百个基本句型,初学者可以按照句型进行词的替换和扩充,从而构成新的句子。
●
相关链接 在E读中查询图书 在五车中查询图书 在当当中查询图书 在豆瓣中查询图书


正题名:中国手语培训教材     索取号:H126.3/73         预约/预借

序号 登录号 条形码 馆藏地/架位号 状态 备注
1 1267681   212676816   第二样本阅览室/ [索取号:H126.3/73] 在馆    
2 1267682   212676825   第四借阅区/ [索取号:H126.3/73] 在馆    
3 1267683   212676834   第四借阅区/ [索取号:H126.3/73] 在馆    
唐山师范学院图书馆 欢迎您!
大连网信软件有限公司© 版权所有